[Event "Gobernacion op"]
[Site "Gobernacion"]
[Date "2015.11.28"]
[Round "1"]
[White "Rico Hernandez, Edgar"]
[Black "Rusinque, Rodrigo"]
[Result "1-0"]
[WhiteElo "1838"]
[BlackElo "1694"]
[PlyCount "120"]
[EventDate "2015.11.28"]
[EventType "swiss"]
[EventRounds "7"]
[EventCountry "COL"]
[SourceTitle "EXT 2017"]
[Source "ChessBase"]
[SourceDate "2016.10.25"]
[SourceVersion "1"]
[SourceVersionDate "2016.10.25"]
[SourceQuality "1"]

1. d4 d5 2. c4 c6 3. Nf3 f5 4. Nc3 Nf6 5. e3 e6 6. Bd3 Bd6 7. Qc2 0-0 8. cxd5 cxd5 9. 0-0 Nc6 10. a3 a6 11. Bd2 Bd7 12. Rac1 Rc8 13. Qb1 Ne4 14. Rc2 Qe7 15. Qd1 b5 16. Na2 Rb8 17. Rc1 a5 18. Qe2 b4 19. a4 Rfc8 20. Bb5 Rb6 21. b3 Be8 22. Qd3 Bh5 23. Ne5 Bxe5 24. dxe5 Be8 25. f4 Qb7 26. Rc2 Bh5 27. Nc1 Na7 28. Rxc8+ Qxc8 29. Ne2 Nc5 30. Rc1 Nxd3 31. Rxc8+ Nxc8 32. Bxd3 Bxe2 33. Bxe2 Rc6 34. Bd3 Nb6 35. Kf2 Kf7 36. Ke2 Nd7 37. Kd1 Nc5 38. Bc2 Ne4 39. Be1 h6 40. g4 g6 41. Bh4 Rc7 42. Be1 Rd7 43. gxf5 d4 44. exd4 Rxd4+ 45. Ke2 Nc3+ 46. Ke3 Rd7 47. h3 gxf5 48. Bh4 Nd5+ 49. Kf3 Rc7 50. Bd1 Rc1 51. Be2 Rc3+ 52. Kf2 Nxf4 53. Bc4 Nxh3+ 54. Ke1 Ng5 55. Bf2 Nf3+ 56. Kd1 Nxe5 57. Bd4 Nxc4 58. Bxc3 Nd6 59. Bd2 h5 60. Bf4 Nb7 1-0

[Event "COL-ch visually impaired 4th"]
[Site "Bogota"]
[Date "2013.11.08"]
[Round "5.11"]
[White "Navas, Gildardo"]
[Black "Rusinque, Rodrigo"]
[Result "0-1"]
[WhiteElo "1521"]
[BlackElo "1701"]
[PlyCount "32"]
[EventDate "2013.11.08"]
[EventType "swiss"]
[EventRounds "5"]
[EventCountry "COL"]
[SourceTitle "EXT 2024"]
[Source "ChessBase"]
[SourceDate "2023.10.10"]
[SourceVersion "1"]
[SourceVersionDate "2023.10.10"]
[SourceQuality "1"]

1. e4 c5 2. Nf3 Nc6 3. c3 Nf6 4. Bd3 Qc7 5. Bc2 d5 6. exd5 Nxd5 7. 0-0 Bg4 8. Be4 e6 9. h3 h5 10. Re1 Be7 11. Bxd5 exd5 12. Qe2 f6 13. d3 Bxf3 14. Qxf3 0-0-0 15. Bf4 g5 16. Nd2 gxf4 0-1

[Event "COL-ch Visually limited 3rd"]
[Site "Colombia"]
[Date "2012.11.25"]
[Round "1.6"]
[White "Peralta, Javier"]
[Black "Rusinque, Rodrigo"]
[Result "0-1"]
[WhiteElo "1583"]
[BlackElo "1701"]
[PlyCount "56"]
[EventDate "2012.11.25"]
[EventType "swiss"]
[EventRounds "7"]
[EventCountry "COL"]
[SourceTitle "EXT 2024"]
[Source "ChessBase"]
[SourceDate "2023.10.10"]
[SourceVersion "1"]
[SourceVersionDate "2023.10.10"]
[SourceQuality "1"]

1. e4 e5 2. Bc4 Bc5 3. Nf3 Nc6 4. 0-0 Nf6 5. d3 0-0 6. h3 d6 7. Bg5 Be6 8. Nc3 Qe7 9. a3 a6 10. Qd2 Rab8 11. Bh6 gxh6 12. Ne2 Kh8 13. Kh2 Ng8 14. b4 Ba7 15. Ba2 f5 16. Bxe6 Qxe6 17. Ng3 fxe4 18. dxe4 Rf4 19. c3 Rbf8 20. Qd3 Nd8 21. Ne2 R4f6 22. Ng3 Ne7 23. Rae1 Ng6 24. Nh5 R8f7 25. Re2 Qc8 26. Ng3 Rxf3 27. gxf3 Nf4 28. Nf5 Nxd3 0-1

[Event "Bogota op 05"]
[Site "Bogota"]
[Date "2012.05.19"]
[Round "3"]
[White "Pinilla, Diego Alexander"]
[Black "Rusinque, Rodrigo"]
[Result "1-0"]
[WhiteElo "1703"]
[BlackElo "1687"]
[PlyCount "67"]
[EventDate "2012.05.18"]
[EventType "swiss"]
[EventRounds "7"]
[EventCountry "COL"]
[SourceTitle "CBM 148 Extra"]
[Source "ChessBase"]
[SourceDate "2012.06.22"]
[SourceVersion "1"]
[SourceVersionDate "2012.06.22"]
[SourceQuality "1"]

1. e4 c5 2. Nc3 Nc6 3. d3 e6 4. g3 a6 5. Be3 Nf6 6. Bg2 Qc7 7. f4 d6 8. Nf3 Be7 9. 0-0 Ng4 10. Qd2 b5 11. h3 Nxe3 12. Qxe3 0-0 13. Rac1 Bb7 14. Ne2 Rad8 15. c3 Rfe8 16. d4 c4 17. g4 Bf8 18. Ng3 g6 19. f5 exf5 20. gxf5 f6 21. Qf4 Qg7 22. h4 d5 23. exd5 Rxd5 24. Nd2 Rd7 25. Nde4 Be7 26. Rce1 Rf8 27. Kh2 Nd8 28. Bh3 Bd5 29. fxg6 Ra7 30. gxh7+ Qxh7 31. Rg1 Qh8 32. Nf5+ Kf7 33. Nh6+ Ke8 34. Nd6# 1-0

[Event "COL-ch visually impaired 2nd"]
[Site "Cali"]
[Date "2008.10.26"]
[Round "4.5"]
[White "Acevedo Hernandez, Fausto"]
[Black "Rusinque, Rodrigo"]
[Result "0-1"]
[WhiteElo "1600"]
[BlackElo "1662"]
[PlyCount "35"]
[EventDate "2008.10.25"]
[EventType "swiss"]
[EventRounds "7"]
[EventCountry "COL"]
[SourceTitle "EXT 2024"]
[Source "ChessBase"]
[SourceDate "2023.10.10"]
[SourceVersion "1"]
[SourceVersionDate "2023.10.10"]
[SourceQuality "1"]

1. e4 c5 2. Nf3 Nc6 3. d4 Nxd4 4. Nxd4 e6 5. Nc3 a6 6. Be3 Qc7 7. a3 b5 8. Bd3 Nf6 9. 0-0 Bb7 10. f4 d6 11. Nf3 Ng4 12. Qe2 Nxe3 13. Qxe3 Be7 14. Rad1 0-0 15. Ng5 Bxg5 16. fxg5 e5 17. Qh3 Rad8 18. Rf4 0-1